Inflácia zasiahla maškrtenie

Ak má spotrebiteľ hlbšie do vrecka, je prirodzené, že začne škrtať na miestach, ktoré nie sú nevyhnutné pre jeho prežitie. Jedným zo segmentov, kde sa teda dal v súvislosti s vysokou infláciou očakávať pokles, bola aj oblasť cukroviniek, sušienok a oblátok. Čísla prieskumných agentúr týmto predpokla...

Descrizione completa

Salvato in:
Dettagli Bibliografici
Autore principale: Kapitán, Peter
Natura: Capitolo di libro
Lingua:slovacco
Soggetti:
Tags: Aggiungi Tag
Nessun Tag, puoi essere il primo ad aggiungerne!!

MARC

LEADER 00000naa a2200000 4500
001 0297754
005 20240417075257.8
041 0 |a slo 
044 |a CZ 
245 1 0 |a Inflácia zasiahla maškrtenie  |c Peter Kapitán 
520 |a Ak má spotrebiteľ hlbšie do vrecka, je prirodzené, že začne škrtať na miestach, ktoré nie sú nevyhnutné pre jeho prežitie. Jedným zo segmentov, kde sa teda dal v súvislosti s vysokou infláciou očakávať pokles, bola aj oblasť cukroviniek, sušienok a oblátok. Čísla prieskumných agentúr týmto predpokladom dávajú za pravdu a aj výrobcovia a distribútori sladkých maškŕt priznávajú, že nálady spotrebiteľa sa menia. Zároveň však veria tomu, že na budúci rok sa situácia postupne upokojí a vráti sa do normálu. 
610 2 0 |a cukrovarníctvo 
610 2 0 |a inflácia 
610 2 0 |a správanie spotrebiteľa 
610 2 0 |a dopyt spotrebiteľský 
610 2 0 |a čokoláda 
100 1 |a Kapitán, Peter